Catalog

Record Details

Catalog Search



Systematic Teology : Volume Three, Sin, Salvation Cover Image Book Book

Systematic Teology : Volume Three, Sin, Salvation Dr. Norman Geisler

Geisler, Norman (Author).

Record details

  • ISBN: 0-7642-2551-0
  • Physical Description: 624 p.
  • Publisher: Minneapolis, Minnesota BethanyHouse 2002

Available copies

  • 2 of 2 copies available at Common Catalog SPOK.

Holds

  • 0 current holds with 2 total copies.
Show All Copies
Location Call Number / Copy Notes Barcode Shelving Location Status Due Date
ETS Library 230.04624 424470013149 Volný výběr Available -
ETS Library 230.04624 424470013150 Volný výběr Available -

LDR 00659nam a2 00241
00133131
003CZ-PrJAB
00520140308000000.0
008140308s2002 xxu e |||| |eng
009us
020 . ‡a0-7642-2551-0
035 . ‡a(CONS)8973
035 . ‡aKPS14143
040 . ‡aABG450
041 . ‡aeng
08214. ‡a230.04624
100 . ‡77340 ‡aGeisler, Norman
245 . ‡aSystematic Teology : ‡bVolume Three, Sin, Salvation ‡cDr. Norman Geisler
260 . ‡aMinneapolis, Minnesota ‡bBethanyHouse ‡c2002
300 . ‡a624 p.
653 . ‡aSystematic Teology
8524 . ‡bETS ‡bETS ‡cVolný výběr ‡j230.04624 ‡gA ‡p424470013149
910 . ‡aABG450
910 . ‡aABG450
999 . ‡a8972 ‡bAUTOGEN ‡c8972 ‡tbiblio
999 . ‡a8973 ‡bAUTOGEN ‡c8973 ‡tbiblio
905 . ‡uadmin
901 . ‡a33131 ‡b ‡c33131 ‡tbiblio ‡sets

Additional Resources